000 00656nam a2200229Ia 4500
003 OSt
005 20220925201859.0
006 a|||||r|||| 00| 0
007 ta
008 220923b |||||||| |||| 00| 0 eng d
037 _cGeneral Book
040 _aRTL
_cRTL
_beng
041 _2eng
_aeng
082 _aY31:7:7.213.N7, L5
100 _aParvathamma C
_9133078
245 0 _aUnder the impact of directed change
260 _aDelhi
_bNational Publishing House
_c1975
300 _axxiii, 154p
_ccm.
650 _aCommunity Development
942 _hY31:7:7.213.N7, L5
_cGB
_2CC
999 _c541593
_d541593